Mixed use urban regeneration at Brindleyplace, Birmingham and Gunwharf Quays, Portsmouth (Record no. 102965)
[ view plain ]
| 000 -LEADER | |
|---|---|
| fixed length control field | 01401cad a22003135a 4500 |
| 001 - CONTROL NUMBER | |
| control field | L122979 |
| 008 - FIXED-LENGTH DATA ELEMENTS--GENERAL INFORMATION | |
| fixed length control field | 030701s2003 xxk 000 0 eng u |
| 020 ## - INTERNATIONAL STANDARD BOOK NUMBER | |
| International Standard Book Number | 1904388124 |
| 035 ## - SYSTEM CONTROL NUMBER | |
| System control number | (Sirsi) u122979 |
| 041 ## - LANGUAGE CODE | |
| Language code of text/sound track or separate title | eng |
| 050 ## - LIBRARY OF CONGRESS CALL NUMBER | |
| Classification number | 711.54 |
| -- | 18 |
| 100 ## - MAIN ENTRY--PERSONAL NAME | |
| Personal name | Dixon, Tim |
| 245 ## - TITLE STATEMENT | |
| Title | Mixed use urban regeneration at Brindleyplace, Birmingham and Gunwharf Quays, Portsmouth |
| Remainder of title | an assessment of the impact on local and national economies |
| Medium | [electronic resource] |
| 260 ## - PUBLICATION, DISTRIBUTION, ETC. | |
| Place of publication, distribution, etc. | Reading |
| Name of publisher, distributor, etc. | College of Estate Management |
| Date of publication, distribution, etc. | 2003 |
| 300 ## - PHYSICAL DESCRIPTION | |
| Extent | 77p. |
| Other physical details | ill. |
| Dimensions | 30cm. |
| 350 ## - PRICE (NR) (BK AM CF MU VM SE) [OBSOLETE] | |
| Price | 75 |
| 490 ## - SERIES STATEMENT | |
| Series statement | College of Estate Management Research Report |
| 520 ## - SUMMARY, ETC. | |
| Summary, etc. | A new report by the BPF and the College of Estate Management which uses regeneration schemes at Brindleyplace in Birmingham and Gunwharf Quays in Portsmouth to show that property-led mixed-use regeneration projects can bring significant economic benefits. View an executive summary at www.bpf.org.uk/. |
| 650 ## - SUBJECT ADDED ENTRY--TOPICAL TERM | |
| Topical term or geographic name entry element | ECONOMIC IMPACT |
| 650 ## - SUBJECT ADDED ENTRY--TOPICAL TERM | |
| Topical term or geographic name entry element | REGENERATION PROJECTS |
| 650 ## - SUBJECT ADDED ENTRY--TOPICAL TERM | |
| Topical term or geographic name entry element | URBAN REGENERATION |
| 650 ## - SUBJECT ADDED ENTRY--TOPICAL TERM | |
| Topical term or geographic name entry element | MIXED-USE DEVELOPMENTS |
| 690 ## - LOCAL SUBJECT ADDED ENTRY--TOPICAL TERM (OCLC, RLIN) | |
| Topical term or geographic name as entry element | REGENERATION |
| 700 ## - ADDED ENTRY--PERSONAL NAME | |
| Personal name | Marston, Andrew |
| 710 ## - ADDED ENTRY--CORPORATE NAME | |
| Corporate name or jurisdiction name as entry element | College of Estate Management |
| 9 (RLIN) | 400 |
| 710 ## - ADDED ENTRY--CORPORATE NAME | |
| Corporate name or jurisdiction name as entry element | British Property Federation |
| 9 (RLIN) | 1604 |
| 856 ## - ELECTRONIC LOCATION AND ACCESS | |
| Uniform Resource Identifier | <a href="https://www.cem.ac.uk/OurResearch/ReportsAndPublications/ResearchPapers.aspx?id=376">https://www.cem.ac.uk/OurResearch/ReportsAndPublications/ResearchPapers.aspx?id=376</a> |
| Public note | View the report at www.cem.ac.uk |
| 942 ## - ADDED ENTRY ELEMENTS (KOHA) | |
| Suppress in OPAC | 0 |
| Withdrawn status | Lost status | Source of classification or shelving scheme | Damaged status | Not for loan | Home library | Current library | Shelving location | Date acquired | Cost, normal purchase price | Total Checkouts | Full call number | Barcode | Date last seen | Date last checked out | Copy number | Cost, replacement price | Price effective from | Koha item type |
|---|---|---|---|---|---|---|---|---|---|---|---|---|---|---|---|---|---|---|
| Dewey Decimal Classification | London | London | Books | 15/08/2003 | 63.75 | 12 | F711.54 DIX | 30067360 | 06/08/2019 | 08/08/2008 | 1 | 63.75 | 06/08/2019 | Book |